Memorias del seminario sobre "Administración y gestión institucional para el desarrollo rural y agropecuario en América Latina"
En esta ponencia se hace un análisis de la situación y los problemas en la administración y gestión del sector rural, para el caso de Panamá. Se desarrollan cuestiones como: el desarrollo agropecuario, la administración agrícola y el desarrollo rural y se apoya con cuadros estadísticos que proporcio...
Guardat en:
| Autor corporatiu: | |
|---|---|
| Format: | Text |
| Publicat: |
San José:
El Instituto
|
| Matèries: | |
| Etiquetes: |
Afegir etiqueta
Sense etiquetes, Sigues el primer a etiquetar aquest registre!
|
MARC
| LEADER | 00000 a a2200000 04500 | ||
|---|---|---|---|
| 001 | 13126 | ||
| 003 | |||
| 040 | |||
| 090 | |a 026800 | ||
| 110 | |a Instituto Interamericano de Cooperación para la Agricultura | ||
| 245 | |a Memorias del seminario sobre "Administración y gestión institucional para el desarrollo rural y agropecuario en América Latina" | ||
| 260 | |a San José: |b El Instituto | ||
| 300 | |a 629 p. | ||
| 300 | |b **no definido** | ||
| 500 | |a Documento de circulación interna - Sólo para comentarios | ||
| 520 | |a En esta ponencia se hace un análisis de la situación y los problemas en la administración y gestión del sector rural, para el caso de Panamá. Se desarrollan cuestiones como: el desarrollo agropecuario, la administración agrícola y el desarrollo rural y se apoya con cuadros estadísticos que proporcionan información acerca del comercio exterior, la producción agropecuaria, la explotación agrícola, el crédito, la población y el desempleo, con lo cual se da una visión general de la situación panameña en el campo de la agricultura y sus problemas más apremiantes. LOB/mb | ||
| 650 | |a DESARROLLO AGROPECUARIO | ||
| 650 | |a ADMINISTRACION AGRICOLA | ||
| 650 | |a DESARROLLO RURAL | ||
| 650 | |a POBLACION RURAL | ||
| 650 | |a POBLACION URBANA | ||
| 650 | |a INGRESO | ||
| 650 | |a ESTRATEGIA DEL DESARROLLO | ||
| 650 | |a ADMINISTRACION PUBLICA | ||
| 650 | |a POLITICA DE PRECIOS | ||
| 650 | |a POLITICA AGRARIA | ||
| 650 | |a COMERCIO EXTERIOR | ||
| 650 | |a PRODUCCION AGROPECUARIA | ||
| 650 | |a EXPORTACION AGRICOLA | ||
| 650 | |a CREDITO | ||
| 650 | |a POBLACION RURAL | ||
| 650 | |a POBLACION URBANA | ||
| 650 | |a DESEMPLEO | ||
| 650 | |a TIERRA CULTIVABLE | ||
| 650 | |a DESARROLLO AGROPECUARIO | ||
| 999 | |c 17423 |d 17423 | ||
